Statistics for City by Public Space

Click here to take the quiz!

General Stats

  • This quiz has been taken 10 times
  • The average score is 8 of 16

Answer Stats

Answer% Correct
Moscow
100%
New York
100%
Sydney
80%
Venice
80%
Cairo
70%
London
70%
Accra
50%
Bangkok
50%
Santiago
50%
Fez
40%
Havana
40%
São Paulo
40%
Cusco
20%
Ulaanbaatar
10%
Antalya
0%
Suva
0%

Score Distribution

Percentile by Number Answered

Percent of People with Each Score

Your Score History

You have not taken this quiz